header

Modern masonry (Record no. 33342)

MARC details
000 -LEADER
fixed length control field 01366nam a2200289Ia 4500
245 10 - TITLE STATEMENT
Title Modern masonry
260 ## - PUBLICATION, DISTRIBUTION, ETC. (IMPRINT)
Place of publication Washington :
Name of publisher National Academy of Sciences,
Year of publication [1956]
300 ## - PHYSICAL DESCRIPTION
Number of Pages vi, 163 p. :
Other physical details ill., ports.
490 1# - SERIES STATEMENT
Series statement Publication (National Research Council (U.S.)) ;
650 #0 - SUBJECT ADDED ENTRY--TOPICAL TERM
Topical Term Masonry.
Topical Term Building.
856 40 - ELECTRONIC LOCATION AND ACCESS
Uniform Resource Identifier http://site.ebrary.com/lib/rucke/Doc?id=10071503

No items available.

© 2026 Rongo University
Contact us: librarian | system librarian | Rongo university